[Event "2. Copenhagen Open Politiken Cup"]
[Site "Brndby"]
[Date "1980.??.??"]
[Round "10"]
[White "Eriksen, Soren"]
[Black "Moe, Mogens"]
[Result "0-1"]
[WhiteElo "2210"]
[BlackElo "2370"]
[PlyCount "74"]
[EventDate "1980.??.??"]
[EventType "swiss"]
[EventRounds "10"]
[EventCountry "DEN"]
[SourceDate "2004.01.01"]

1. e4 c5 2. Nf3 Nc6 3. d4 cxd4 4. Nxd4 g6 5. Nxc6 bxc6 6. Qd4 f6 7. Bc4 Qb6 8.
Qd3 Bh6 9. Nc3 Bxc1 10. Rxc1 e6 11. O-O Nh6 12. Qd2 Nf7 13. Na4 Qc7 14. f4 O-O
15. Bd3 d6 16. c4 c5 17. Nc3 f5 18. Rce1 a6 19. Rf2 Rb8 20. h3 Qd8 21. Qe3 Bd7
22. Rd2 Re8 23. Qf2 Qf6 24. Bb1 Bc6 25. e5 dxe5 26. Qxc5 Qh4 27. Rf1 Rec8 28.
Qe3 Rd8 29. Bd3 e4 30. Be2 Rxd2 31. Qxd2 Qg3 32. Nd1 g5 33. Bh5 gxf4 34. Bxf7+
Kxf7 35. Qd6 Rg8 36. Rf2 e3 37. Re2 Qf3 0-1

[Event "2. Copenhagen Open Politiken Cup"]
[Site "Brndby"]
[Date "1980.??.??"]
[Round "10"]
[White "Fries Nielsen, Jens Ove"]
[Black "Hvenekilde, Jorgen"]
[Result "1-0"]
[WhiteElo "2355"]
[BlackElo "2235"]
[PlyCount "37"]
[EventDate "1980.??.??"]
[EventType "swiss"]
[EventRounds "10"]
[EventCountry "DEN"]
[SourceDate "2004.01.01"]

1. d4 d5 2. c4 e5 3. dxe5 d4 4. Nf3 Nc6 5. g3 Bg4 6. Bg2 Qd7 7. O-O Rd8 8. Nbd2
Nge7 9. Ne4 b6 10. Bg5 Bxf3 11. exf3 Nxe5 12. f4 N5g6 13. Re1 c5 14. f5 f6 15.
fxg6 fxg5 16. Nxg5 hxg6 17. Qf3 Rb8 18. Qf7+ Kd8 19. Ne6+ 1-0

[Event "2. Copenhagen Open Politiken Cup"]
[Site "Brndby"]
[Date "1980.??.??"]
[Round "10"]
[White "Hansson, Dan"]
[Black "Akesson, Ralf"]
[Result "1/2-1/2"]
[WhiteElo "2300"]
[BlackElo "2230"]
[PlyCount "31"]
[EventDate "1980.??.??"]
[EventType "swiss"]
[EventRounds "10"]
[EventCountry "DEN"]
[SourceDate "2004.01.01"]

1. e4 c5 2. Nf3 e6 3. d4 cxd4 4. Nxd4 Nc6 5. Nc3 a6 6. Be3 Qc7 7. Be2 b5 8. O-O
Bb7 9. Nxc6 Bxc6 10. a3 Nf6 11. Qd3 Qb7 12. f3 d6 13. b4 Be7 14. a4 bxa4 15.
Nxa4 Nd7 16. c4 1/2-1/2

[Event "2. Copenhagen Open Politiken Cup"]
[Site "Brndby"]
[Date "1980.??.??"]
[Round "10"]
[White "Jahr, Ulrich"]
[Black "Auchenberg, Per"]
[Result "0-1"]
[WhiteElo "2280"]
[BlackElo "2215"]
[PlyCount "80"]
[EventDate "1980.??.??"]
[EventType "swiss"]
[EventRounds "10"]
[EventCountry "DEN"]
[SourceDate "2004.01.01"]

1. e4 c5 2. Nf3 e6 3. d4 cxd4 4. Nxd4 Nf6 5. Nc3 d6 6. g4 a6 7. g5 Nfd7 8. Bc4
Qc7 9. Qe2 b5 10. Bb3 Nc5 11. f4 Bb7 12. f5 b4 13. Na4 Nxb3 14. axb3 e5 15. Nf3
Qc6 16. Be3 Qxe4 17. Rf1 Nd7 18. O-O-O Rc8 19. Qd2 Be7 20. f6 gxf6 21. gxf6
Nxf6 22. Ng5 Rxc2+ 23. Qxc2 Qxe3+ 24. Kb1 Qxg5 25. Qc7 Be4+ 26. Ka2 Kf8 27. Rg1
Ne8 28. Qc4 Qh4 29. Nb6 Bg6 30. Rg4 Qh5 31. Rf1 Nf6 32. Nc8 Qxg4 33. Qc1 h5 34.
Qe3 Qxc8 35. h3 Qc5 36. Qxc5 dxc5 37. Rc1 Kg7 38. Re1 e4 39. h4 Rd8 40. Rg1 Rd2
0-1

[Event "2. Copenhagen Open Politiken Cup"]
[Site "Brndby"]
[Date "1980.??.??"]
[Round "10"]
[White "Jakobsen, Ole"]
[Black "Jensen, Allan Astrup"]
[Result "1-0"]
[WhiteElo "2410"]
[BlackElo "2245"]
[PlyCount "111"]
[EventDate "1980.??.??"]
[EventType "swiss"]
[EventRounds "10"]
[EventCountry "DEN"]
[SourceDate "2004.01.01"]

1. g3 e5 2. Bg2 d5 3. c4 c6 4. cxd5 cxd5 5. Qb3 Nf6 6. Nc3 Nc6 7. d3 Nd4 8. Qd1
Be6 9. e3 Nc6 10. d4 exd4 11. exd4 Be7 12. Nge2 Qd7 13. Nf4 Rd8 14. O-O Bg4 15.
f3 Bf5 16. g4 g5 17. Nh3 Nxg4 18. fxg4 Bxg4 19. Qd3 Nb4 20. Qb5 Nc2 21. Qxd7+
Rxd7 22. Rb1 Nxd4 23. Bd2 h6 24. Rbe1 Be6 25. Nf2 g4 26. Nd3 Nf3+ 27. Bxf3 gxf3
28. Rxf3 Rg8+ 29. Rg3 Rxg3+ 30. hxg3 Bg5 31. Bxg5 hxg5 32. Nc5 Re7 33. Nb5 b6
34. Nb3 a6 35. N5d4 Kd7 36. Rc1 Bg4 37. Kf2 a5 38. Nd2 f5 39. Rh1 f4 40. gxf4
Rf7 41. Rh6 Rxf4+ 42. Ke3 Kc7 43. Rg6 Rf7 44. Rxg5 Re7+ 45. Kd3 Bc8 46. Rxd5
Ba6+ 47. Kc2 Re3 48. b3 Rh3 49. a4 Bd3+ 50. Kb2 Kb7 51. Rd7+ Kc8 52. Rf7 Bh7
53. Nc4 Rh2+ 54. Ka3 Bb1 55. Nd6+ Kd8 56. Ne6# 1-0

[Event "2. Copenhagen Open Politiken Cup"]
[Site "Brndby"]
[Date "1980.??.??"]
[Round "10"]
[White "Larsen, Ernst"]
[Black "Finnlaugsson, Gunnar"]
[Result "1/2-1/2"]
[WhiteElo "2200"]
[BlackElo "2275"]
[PlyCount "22"]
[EventDate "1980.??.??"]
[EventType "swiss"]
[EventRounds "10"]
[EventCountry "DEN"]
[SourceDate "2004.01.01"]

1. d4 Nf6 2. c4 c5 3. e3 e6 4. Nc3 Be7 5. Nf3 O-O 6. Bd3 d6 7. O-O Nbd7 8. b3
b6 9. Bb2 Bb7 10. Qe2 Rc8 11. Rad1 Qc7 1/2-1/2

[Event "2. Copenhagen Open Politiken Cup"]
[Site "Brndby"]
[Date "1980.??.??"]
[Round "10"]
[White "Mestel, Jonathan"]
[Black "Sorensen, Bent"]
[Result "1-0"]
[WhiteElo "2485"]
[BlackElo "2245"]
[PlyCount "91"]
[EventDate "1980.??.??"]
[EventType "swiss"]
[EventRounds "10"]
[EventCountry "DEN"]
[SourceDate "2004.01.01"]

1. g3 d5 2. Bg2 e5 3. d3 Nf6 4. Nf3 Nbd7 5. O-O Be7 6. Nc3 O-O 7. Re1 c6 8. e4
dxe4 9. Nxe4 Nxe4 10. Rxe4 f6 11. Re1 Nb6 12. a4 Bg4 13. c3 Qd7 14. a5 Nd5 15.
Qb3 Kh8 16. Bd2 Nc7 17. d4 Nb5 18. a6 b6 19. Be3 e4 20. Nd2 Be6 21. Qa4 f5 22.
f3 exf3 23. Nxf3 Bf6 24. c4 Nxd4 25. Rad1 Nxf3+ 26. Bxf3 Qf7 27. Bxc6 Rab8 28.
b3 Be5 29. Bf2 Qf6 30. Qb5 Bc3 31. Re3 Rbd8 32. Rxd8 Rxd8 33. Bd5 Bxd5 34. cxd5
h6 35. Re8+ Rxe8 36. Qxe8+ Kh7 37. Qe6 Qg5 38. d6 Qg4 39. d7 Qd1+ 40. Kg2 Bf6
41. Qxf5+ Kh8 42. Bxb6 axb6 43. a7 Qe2+ 44. Kh3 Qa6 45. Qxf6 gxf6 46. d8=Q+ 1-0

[Event "2. Copenhagen Open Politiken Cup"]
[Site "Brndby"]
[Date "1980.??.??"]
[Round "10"]
[White "Morris, Walter"]
[Black "Poulsen, Allan"]
[Result "0-1"]
[WhiteElo "2380"]
[BlackElo "2350"]
[PlyCount "46"]
[EventDate "1980.??.??"]
[EventType "swiss"]
[EventRounds "10"]
[EventCountry "DEN"]
[SourceDate "2004.01.01"]

1. e4 c5 2. Nf3 d6 3. d4 cxd4 4. Nxd4 Nf6 5. Nc3 a6 6. Bg5 e6 7. f4 Qb6 8. Qd2
Qxb2 9. Rb1 Qa3 10. f5 Nc6 11. fxe6 fxe6 12. Nxc6 bxc6 13. e5 dxe5 14. Bxf6
gxf6 15. Ne4 Qxa2 16. Rd1 Be7 17. Be2 O-O 18. O-O Ra7 19. Qh6 Qxc2 20. Bd3 Qb3
21. Kh1 f5 22. Qe3 Rd7 23. Rd2 Bb4 0-1

[Event "2. Copenhagen Open Politiken Cup"]
[Site "Brndby"]
[Date "1980.??.??"]
[Round "10"]
[White "Mortensen, Erling"]
[Black "Fuller, Maxwell"]
[Result "0-1"]
[WhiteElo "2400"]
[BlackElo "2355"]
[PlyCount "80"]
[EventDate "1980.??.??"]
[EventType "swiss"]
[EventRounds "10"]
[EventCountry "DEN"]
[SourceDate "2004.01.01"]

1. Nf3 g6 2. d4 Nf6 3. g3 Bg7 4. Bg2 O-O 5. O-O d6 6. c4 c6 7. Nc3 Bf5 8. Ne1
e5 9. d5 cxd5 10. cxd5 a5 11. e4 Bd7 12. Nd3 Na6 13. a4 Nb4 14. Ra3 Qb6 15. Rb3
Qd4 16. Nxb4 axb4 17. Nb5 Qxd1 18. Rxd1 Rxa4 19. Bf1 Nxe4 20. Re3 f5 21. f3 Ra5
22. Nc7 Nc5 23. Ne6 Rfa8 24. Nxg7 Kxg7 25. Bd2 Ra1 26. Rxa1 Rxa1 27. Bxb4 Bb5
28. Be1 Bxf1 29. Kxf1 Rb1 30. b4 Na6 31. Rc3 Rxb4 32. Rc8 Rb5 33. Rd8 Rxd5 34.
Rd7+ Kf6 35. Rxb7 h5 36. Bc3 Nc5 37. Ra7 Rd3 38. Ba5 Rxf3+ 39. Kg2 e4 40. Bd8+
Ke5 0-1

[Event "2. Copenhagen Open Politiken Cup"]
[Site "Brndby"]
[Date "1980.??.??"]
[Round "10"]
[White "Plachetka, Jan"]
[Black "Welin, Thomas"]
[Result "1-0"]
[WhiteElo "2480"]
[BlackElo "2215"]
[PlyCount "69"]
[EventDate "1980.??.??"]
[EventType "swiss"]
[EventRounds "10"]
[EventCountry "DEN"]
[SourceDate "2004.01.01"]

1. c4 g6 2. Nc3 c5 3. g3 Bg7 4. Bg2 Nc6 5. a3 e6 6. b4 Nxb4 7. axb4 cxb4 8. Nb5
Bxa1 9. Qa4 Bf6 10. Qxb4 Be7 11. c5 a6 12. Nd6+ Kf8 13. Nh3 Rb8 14. Nxf7 Kxf7
15. Qf4+ Nf6 16. Qxb8 Qa5 17. O-O Qxc5 18. Bb2 h6 19. Qa8 Qc7 20. Rc1 Qd8 21.
Nf4 Rg8 22. Nd3 d6 23. Bxb7 Bxb7 24. Qxb7 Qa8 25. Qc7 Rb8 26. Qc4 Qb7 27. Bxf6
Bxf6 28. Qf4 e5 29. Qxh6 a5 30. Qh7+ Bg7 31. Qh4 Qd7 32. Qc4+ Ke7 33. Qe4 Kf7
34. Qd5+ Ke7 35. Qxa5 1-0

[Event "2. Copenhagen Open Politiken Cup"]
[Site "Brndby"]
[Date "1980.??.??"]
[Round "10"]
[White "Roth, Rolf"]
[Black "Jacobsen, Bo"]
[Result "0-1"]
[WhiteElo "2380"]
[BlackElo "2370"]
[PlyCount "62"]
[EventDate "1980.??.??"]
[EventType "swiss"]
[EventRounds "10"]
[EventCountry "DEN"]
[SourceDate "2004.01.01"]

1. c4 g6 2. Nc3 Bg7 3. e4 d6 4. g3 c6 5. Bg2 Bd7 6. Nge2 Qc8 7. h3 Na6 8. d3 h5
9. Be3 e5 10. d4 Nf6 11. Qd2 O-O 12. O-O-O b5 13. cxb5 cxb5 14. Kb1 b4 15. Nd5
Nxd5 16. exd5 b3 17. a3 Bf5+ 18. Ka1 Rb8 19. Rc1 Bc2 20. Qa5 Nb4 21. axb4 Rb6
22. b5 Qb7 23. dxe5 Rxb5 24. Qa3 Bxe5 25. Bd4 Rb6 26. Bxe5 dxe5 27. Rxc2 bxc2
28. Nc3 Rb8 29. Rc1 Ra6 30. Rxc2 Rxa3+ 31. bxa3 Qb3 0-1